000 00448nam a2200169Ia 4500
008 100917s9999 xx 000 0 und d
082 _b3420
100 _aआपटे ना. ह.
245 _aउमज पडेल तर
260 _b---
365 _b2.5
520 _aकादंबरी
630 _aउमज पडेल तर
650 _aकादंबरी
730 _aउमज पडेल तर
942 _cBOOK
999 _c608814
_d608811